| 000 | 00487nam a2200181 a 4500 | ||
|---|---|---|---|
| 001 | 1977 | ||
| 005 | 20140414131854.0 | ||
| 008 | 050103s19uu xx 00 eng d | ||
| 020 | _a0-590-47173-2 | ||
| 050 |
_aFIC _bM73 1993 |
||
| 100 | _aMolleson, Diane | ||
| 245 |
_aThe secret garden / _cadapted by Diane Molleson. |
||
| 260 |
_aNew York : _bScholastic, _c1993. |
||
| 300 | _a48 p. : ill. ; cm. | ||
| 650 |
_aFriendship _xFiction. |
||
| 650 |
_aGardens _xFiction. |
||
| 999 |
_c110355 _d110355 |
||